Welcome to CU Library Online Public Access Catalogue (OPAC)

Biology / (Record no. 2020)

MARC details
000 -LEADER
fixed length control field 00610pam a2200229 a 4500
001 - CONTROL NUMBER
control field 1950682
003 - CONTROL NUMBER IDENTIFIER
control field OSt
005 - DATE AND TIME OF LATEST TRANSACTION
control field 20241209165724.0
008 - FIXED-LENGTH DATA ELEMENTS--GENERAL INFORMATION
fixed length control field 871005s1988 nyua b 001 0 eng
020 ## - INTERNATIONAL STANDARD BOOK NUMBER
International Standard Book Number 0394337328
040 ## -
-- .
050 00 - LIBRARY OF CONGRESS CALL NUMBER
Classification number QH308.2
Item number .W47 1988
082 00 - DEWEY DECIMAL CLASSIFICATION NUMBER
Classification number 574
Edition information 19
100 1# - MAIN ENTRY--PERSONAL NAME
Personal name Wessells, Norman K.
245 10 - TITLE STATEMENT
Title Biology /
Statement of responsibility, etc. Norman K. Wessells, Janet L. Hopson.
250 ## - EDITION STATEMENT
Edition statement 1st ed.
260 ## - PUBLICATION, DISTRIBUTION, ETC.
Place of publication, distribution, etc. New York :
Name of publisher, distributor, etc. Random House,
Date of publication, distribution, etc. c1988.
300 ## - PHYSICAL DESCRIPTION
Extent xxviii, 1251, 77 p. :
Other physical details ill. (some col.) ;
Dimensions 29 cm.
650 #0 - SUBJECT ADDED ENTRY--TOPICAL TERM
Topical term or geographic name entry element Biology.
700 1# - ADDED ENTRY--PERSONAL NAME
Personal name Hopson, Janet L.
942 ## - ADDED ENTRY ELEMENTS (KOHA)
Source of classification or shelving scheme Library of Congress Classification
Koha item type Books
Edition 1st ed.
Suppress in OPAC No
999 ## -
-- 2020
-- 2020
Holdings
Withdrawn status Lost status Source of classification or shelving scheme Damaged status Not for loan Collection Home library Current library Shelving location Date acquired Total checkouts Full call number Barcode Date last seen Copy number Price effective from Koha item type
    Library of Congress Classification     Non-fiction Science Library (Miotso) Science Library (Miotso) General stacks 12/09/2024   QH308.2 .W47 WES SLM00001198 12/09/2024 1 12/09/2024 Books
    Library of Congress Classification     Non-fiction Science Library (Miotso) Science Library (Miotso) General stacks 12/09/2024   QH308.2 .W47 WES SLM00001199 12/09/2024 2 12/09/2024 Books
    Library of Congress Classification     Non-fiction Science Library (Miotso) Science Library (Miotso) General stacks 12/09/2024   QH308.2 .W47 WES SLM00001200 12/09/2024 3 12/09/2024 Books
    Library of Congress Classification     Non-fiction Science Library (Miotso) Science Library (Miotso) General stacks 12/09/2024   QH308.2 .W47 WES SLM00001201 12/09/2024 4 12/09/2024 Books
© 2023-2024 Copyright: Central University Libraries. All Rights Reserved | Created by: Mahone Tech Office